Thermodynamics for engineers (Record no. 7756)

000 -LEADER
fixed length control field 00491nam a22001817a 4500
001 - CONTROL NUMBER
control field 7756
003 - CONTROL NUMBER IDENTIFIER
control field BD-DhUET
008 - FIXED-LENGTH DATA ELEMENTS--GENERAL INFORMATION
fixed length control field 141211b xxu||||| |||| 00| 0 eng d
040 ## - CATALOGING SOURCE
Transcribing agency 0
Modifying agency BD-DhUET
082 ## - DEWEY DECIMAL CLASSIFICATION NUMBER
Classification number 621.01
Item number DOO/1964
100 ## - MAIN ENTRY--PERSONAL NAME
Personal name Doolittle, Jesse S.
245 ## - TITLE STATEMENT
Title Thermodynamics for engineers
Statement of responsibility, etc. by Jesse S. Doolittle
250 ## - EDITION STATEMENT
Edition statement 2nd ed.
260 ## - PUBLICATION, DISTRIBUTION, ETC. (IMPRINT)
Place of publication, distribution, etc. Pennsylvania
Name of publisher, distributor, etc. International Textbook Company
Date of publication, distribution, etc. 1964
300 ## - PHYSICAL DESCRIPTION
Extent xvii, 660p.
650 #0 - SUBJECT ADDED ENTRY--TOPICAL TERM
Topical term or geographic name as entry element Thermodynamics engineering
942 ## - ADDED ENTRY ELEMENTS (KOHA)
Koha item type General Book
Holdings
Damaged status Koha date last seen Date acquired Piece designation (barcode) Koha item type Koha full call number Location (home branch) Copy number Withdrawn status Source of classification or shelving scheme Koha normalized classification for sorting Not for loan Shelving location Sublocation or collection (holding branch) Price effective from Lost status
 2014-12-112014-12-1116488General Book621.01/DOO/1964Central Library, BUET1  621_010000000000000_DOO_1964 Circulation sectionCentral Library, BUET2014-12-11 
 2015-04-092015-04-0916487General Book621.01/DOO/1964Central Library, BUET2  621_010000000000000_DOO_1964 Circulation sectionCentral Library, BUET2015-04-09 
 2015-04-122015-04-1216489General Book621.01/DOO/1964Central Library, BUET3  621_010000000000000_DOO_1964 Circulation sectionCentral Library, BUET2015-04-12 
 2015-04-122015-04-1216491General Book621.01/DOO/1964Central Library, BUET4  621_010000000000000_DOO_1964 Circulation sectionCentral Library, BUET2015-04-12 
 2015-06-152015-06-1516490Reading Item621.01/DOO/1964Central Library, BUET5  621_010000000000000_DOO_1964 Reading sectionCentral Library, BUET2015-06-15